| 000 | 01074nam a2200301Ia 4500 | ||
|---|---|---|---|
| 003 | OSt | ||
| 005 | 20221007125125.0 | ||
| 006 | a|||||r|||| 00| 0 | ||
| 007 | ta | ||
| 008 | 221006b |||||||| |||| 00| 0 eng d | ||
| 020 |
_a981020910X (pbk) _c _ 51.00 |
||
| 024 | _a4538 | ||
| 037 |
_bI B A, _cTextual |
||
| 040 |
_aCDL _cCDL _beng |
||
| 041 |
_2eng _aeng |
||
| 082 | _aC21, N2 | ||
| 100 |
_aGennes Pierre-Gilles de _9721585 |
||
| 245 | 0 | _aSimple views on condensed matter by Pierre-Gilles de Gennes | |
| 260 |
_aSingapore _bWorld Scientific _c1992 |
||
| 300 |
_ax,408p _ccm. |
||
| 490 | _aSeries in modern condensed matter physics; 4 | ||
| 500 | _aIncludes bibliographical references; ^n23/CSL/Carc/96-97/3926^d1997-01-27^mPurchase; ; 97-98/30^b1997-05-12^c1266^d1997-05-036eInternational Book Agency; ; 1997-06-12^bSB^c1997-06-12^r1997-07-12 | ||
| 650 | _a Condensed matter | ||
| 650 |
_a Properties of matter _9715034 |
||
| 650 | _aPhysics | ||
| 942 |
_hC21, N2 _cTEXL _2CC |
||
| 999 |
_c1214724 _d1214724 |
||